000 00627nam a2200253 a 4500
001 nice12345678
003 IN_TiNIC
005 20260116011657.0
008 050524s1971 mada grp 000 0 eng
020 _a
_c10
082 0 0 _a294.51
_bPRE
100 _aPresler, Henry H
245 _aPrimitive Religions in India
260 _aMadras
_bChristian Literature Society
_c1971
300 _a349p
500 _aincludes index and biblioraphy
505 2 _aglossary, index
650 _aHinduism
650 _aTribes-India-Religion
700 1 _aPresler, Henry H
902 _bSRS
942 _cBK
999 _c3336
_d3336